MDQL
is popping MORE tags! Check the
thread
!
Quizzes
Events
Quiz Creation
Community
Videos
Private Events
Remove Ads
Sign In
Join for FREE
Feedback
Dark Mode
Quiz Categories
Sports
Geography
Music
Movies
Television
Just For Fun
Miscellaneous
History
Literature
Language
Science
Gaming
Entertainment
Religion
Holiday
For Kids
Quiz Lab
Recent
Popular Today
Quiz Kudos Today
Editor Picks
Curator Picks
Quizzes by...
Day
Popularity
Type
Ratings
Length
Year
Community
Subscriptions
Recent Discussions
Orange Saloon
Badges
Playlists
Quests
Create
Leaderboards
Showdown
Live 5
Trivia Bingo
Activity
Puzzle Library
Sporcle Events
Private Events
Virtual Trivia
Globe League
Become a Host
Pub Owners
SporcleCon
Opinionation
Our Games
Videos
Blog
Mobile Apps
Partnerships
Remove Ads and Go Orange
Feedback
Sports
Athletes
MLB
NBA
NHL
NFL
Soccer
Sports Teams
WWE
NCAA
Football
Premier League
Basketball
Baseball
Hockey
Golf
Tennis
Cricket
Rugby
Auto Racing
Olympics
World Cup
Sports
Athletes
MLB
NBA
NHL
NFL
Soccer
Sports Teams
WWE
NCAA
Football
Premier League
Basketball
Baseball
Hockey
Golf
Tennis
Cricket
Rugby
Auto Racing
Olympics
World Cup
Random Quiz
Search Sporcle
×
Quiz Lab
Quiz Lab
Sports
ball
Click on answers out of a set of options
Click on answers out of a set of options
Multiple Choice
Best Score? Go Orange.
Lonzo Ball quiz Stats
How well do you know Lonzo Ball?
By
FootieLive
5m
10 Questions
3,849 Plays
3,849 Plays
3,849 Plays
Comments
Comments
Give Quiz Kudos
Give Quiz Kudos
-
- Ratings
hide this ad
Random Order
Randomize order of answers
Randomize order of answers
Replay
Link that replays current quiz
Next Quiz
Link to next quiz in quiz playlist
You Got
0%
They Got
Avg Score
59%
Avg Friend Score
Upgrade to see
Score Distribution
Jump to the score distribution portion of the page
Score
0/10
Timer
05:00
0
Plays Today
Question
Answer
Wrong Answers
When asked what job he would have if he didn't become a professional basketball player, Ball said what?
Rapper
94.9%
Pilot
1.3%
Motivational speaker
1.4%
Fashion designer
2.2%
In May 2017, Big Baller Brand, owned by Ball's father LaVar, announced the release of Lonzo Ball's first shoe, the ZO2. Which eye-watering figure did the trainers sell for?
$495
87.7%
$202
2.3%
$399
6.3%
$401
3.6%
Lonzo is currently listed by the NBA as what height?
6ft 6in
74.9%
6ft 7in
7.7%
6ft 8in
3.5%
6ft 5in
10.3%
When asked in 2013 who his favourite basketball player of all-time was, Lonzo said?
LeBron James
73%
Magic Johnson
20.4%
Larry Bird
2.2%
Kevin Durant
2.9%
In college, Ball was the first player in the conference since [BLANK] in 1993/94 to average at least 14 points, seven assists, and six rebounds.
Jason Kidd
56.8%
Allen Iverson
13.3%
Grant Hill
10%
Steve Nash
16.6%
Ball started playing basketball at what age?
2
53.4%
3
29.6%
6
11.2%
8
3.6%
How many points-per-game did Lonzo average during his 36 game spell with UCLA?
14.6
52.2%
19.5
19.1%
12.2
6.2%
17.8
22%
Ball recorded two triple-doubles during the 2017 NBA Summer League, including the first in Las Vegas since, when?
2008
41.2%
2012
29.2%
2005
11.2%
2010
17.4%
Which city was Lonzo born in?
Anaheim
30.4%
Chino Hills
48.1%
Los Angeles
17.1%
San Diego
1.9%
In the same interview, Lonzo claimed which team was his favourite?
Miami Heat
27.4%
Los Angeles Lakers
67.3%
Boston Celtics
1.8%
Los Angeles Clippers
1.8%
Quiz Playlist
Details
Report
Send in Message
Add To Playlist
Multiple Choice:
Click on answers out of a set of options
Random Order:
Randomize order of answers
Last Updated: Jul 19, 2017
Quiz Scoreboard
CHALLENGE
Sign Up to Join the Scoreboard
Show All
Scores
Hide
Comments
May contain spoilers
Recently Published
5x2 Blitz: Bands
by SL_Kpop136
Music
30s
Colored Red Africa Blitz
by spor1
Geography
30s
Find the 'City' Movie
by crazypaving
Movies
60s
More to Explore
Quiz From the Vault
Featured Blog Post
14 Easter Pick-up Lines to Find Eggs With
hide this ad
You Might Also Like...
Tags
ball
Today's Top Quizzes in Sports
Browse Sports
hide this ad
Today's Top Quizzes in ball
Browse ball
Top Contributed Quizzes in Sports
1
Les entraîneurs de l'OM et du PSG au 21e siècle
2
Les meilleurs buteurs des matchs entre le PSG et l’OM
3
Les joueurs passés par le PSG et l'OM
4
Players with Multiple 50 Home Run Seasons
5
2022 World Cup Stars
6
Criteria MLB: Left Handed Sluggers
7
NBA Logic Puzzle 2.0
8
MLB Players with Two .350 Batting Average Seasons
9
Top 10 NHL Goal Scorers of All Time
10
Les joueurs passés par le LOSC et le RC Lens
Explore More
Trending Topics
Anime
Marvel
Crossword
Disney
Kpop
NBA
Harry Potter
The Office
NFL
Puzzle
WWE
Song
Soccer
Country
Pokémon
hide this ad
More By:
FootieLive
Quiz
Plays
Rating
Category
Featured
Created
Kyrie Irving quiz
5,910
1.00
Sports
Jul 24, 2017
Lonzo Ball quiz
3,849
1.00
Sports
Jul 19, 2017
Old Firm derby
2,171
5.00
Sports
Mar 9, 2017
Boxing quiz
2,061
Sports
Jun 28, 2017
Played for both Arsenal and Chelsea Premier League era
1,548
5.00
Sports
Jul 20, 2017
Go to Creator's Profile
Score Distribution
Quiz Creator Spotlight
FootieLive
Follow
Send a Message
Quizzes Created
-
Created Quiz Play Count
-
More By This Creator
Popular Quizzes Today
1
Colored Red Africa Blitz
2
Find the 'City' Movie
3
Find the US States - No Outlines Minefield
4
5x2 Blitz: Bands
5
The Countries of the World
6
Find the US States
7
US States
8
Find the Countries of Europe - No Outlines Minefield
More Sports Quizzes
Big 4 'Sporcle' Teams
Published
Trending Quizzes
Colored Red Europe Blitz I
Colored Red Africa Blitz II
Colored Red Europe Blitz II
Colored Red Europe Blitz III
Colored Red Africa Blitz III
Recently Updated
How Do You Spell That?
pecheneg
Godzilla Movies
pecheneg
Grab Bag: 4-10 Letters
pecheneg
2024 March Madness Bracket
pecheneg
Famous TV Couples
Peacemaker
Champions League XIs: Real Madrid
pecheneg
Largest US Cities 1790-2010
pecheneg
Rides in Walt Disney World
pecheneg
Most Oscar Losses (Acting)
pecheneg
Beyoncé Albums
pecheneg
Trending Topics
NBA
Kpop
Crossword
Marvel
Anime
Disney
Harry Potter
WWE
Puzzle
Country
NFL
Soccer
Song
The Office
Pokémon
Your Account Isn't Verified!
In order to create a playlist on Sporcle, you need to verify the email address you used during registration. Go to your
Sporcle Settings
to finish the process.
Report this User
Report this user for behavior that violates our
Community Guidelines
.
Details:
Send Report
Go to the Sporcle.com Mobile Site →
Comments